| 000 | 00831nam a2200229 i 4500 | ||
|---|---|---|---|
| 001 | 15165 | ||
| 003 | ES-MaACL | ||
| 005 | 20250728051816.0 | ||
| 007 | t| | ||
| 008 | 000111s1999 sp ||||1| spa d | ||
| 080 | _a327(4:8=134) | ||
| 080 | _a327(8=134:4) | ||
| 245 | 0 | 3 | _aLa agenda iberoamericana del siglo XXI: ética y democracia. |
| 260 |
_a[Madrid : _bFundación Popular Iberoamericana, _c1999] |
||
| 300 |
_a158 p. ; _c21 cm. |
||
| 500 | _aIII Reunión de Líderes Políticos y Parlamentarios Populares Iberoamericanos, celebrada en Caracas el 3 y 4 de octubre de 1997. | ||
| 651 | 4 |
_aEuropa- _xRelaciones- _zAmérica latina. _98629 |
|
| 651 | 4 |
_aAmérica Latina- _xRelaciones- _zEuropa _97762 |
|
| 710 | 2 |
_aFundación Popular Iberoamericana. _94393 |
|
| 852 |
_aES-MaACL _jL-22316 _bR.127727 |
||
| 999 |
_c15165 _d15165 |
||